Business: A Changing World (Record no. 1192)

MARC details
005 - DATE AND TIME OF LATEST TRANSACTION
control field 20250528090002.0
020 ## - INTERNATIONAL STANDARD BOOK NUMBER
International Standard Book Number 978-0-07-351166-5
082 ## - DEWEY DECIMAL CLASSIFICATION NUMBER
Classification number 650 FER
100 ## - MAIN ENTRY--PERSONAL NAME
Author name FERRELL, O. C
245 ## - TITLE STATEMENT
Title Business: A Changing World
250 ## - EDITION STATEMENT
Edition statement 6th Ed.
260 ## - PUBLICATION, DISTRIBUTION, ETC.
Place of publication, distribution, etc. New York,
Name of publisher, distributor, etc. Mcgraw- Hill Irwin,
Date of publication, distribution, etc. 2008.
300 ## - PHYSICAL DESCRIPTION
Extent xxxiv,586p.: ill.; figure, picture, table.
Other physical details Index.
Dimensions 25cm.
700 ## - ADDED ENTRY--PERSONAL NAME
Other authors/Editors HIRT, G & FERRELL, L.
856 ## - ELECTRONIC LOCATION AND ACCESS
Link text Access Online Book.
Electronic name Business
Path www.mhhe.com
942 ## - ADDED ENTRY ELEMENTS (KOHA)
Source of classification or shelving scheme Dewey Decimal Classification
Koha item type Books
Holdings
Date last seen Total checkouts Full call number Barcode Cost, replacement price Price effective from Koha item type Lost status Source of classification or shelving scheme Damaged status Not for loan Withdrawn status Home library Current library Shelving location Date acquired Cost, normal purchase price
06/26/2025   650 FER DOM0002225 90000.00 06/26/2025 Books   Dewey Decimal Classification       CBE Dodoma CBE Dodoma General Collection 12/08/2010 30000.00
06/26/2025   650 FER DOM0002224 90000.00 06/26/2025 Books   Dewey Decimal Classification       CBE Dodoma CBE Dodoma General Collection 12/08/2010 30000.00
06/26/2025   650 FER DOM0002223 90000.00 06/26/2025 Books   Dewey Decimal Classification       CBE Dodoma CBE Dodoma General Collection 12/08/2010 30000.00
06/26/2025   650 FER DOM0002222 90000.00 06/26/2025 Books   Dewey Decimal Classification       CBE Dodoma CBE Dodoma General Collection 12/08/2010 30000.00
06/26/2025   650 FER DOM0002250 90000.00 06/26/2025 Books   Dewey Decimal Classification       CBE Dodoma CBE Dodoma General Collection 12/08/2010 30000.00
06/26/2025   650 FER DOM0002248 90000.00 06/26/2025 Books   Dewey Decimal Classification       CBE Dodoma CBE Dodoma General Collection 12/08/2010 30000.00
06/26/2025   650 FER DOM0002278 90000.00 06/26/2025 Books   Dewey Decimal Classification       CBE Dodoma CBE Dodoma General Collection 12/08/2010 30000.00
06/26/2025   650 FER DOM0002313 90000.00 06/26/2025 Books   Dewey Decimal Classification       CBE Dodoma CBE Dodoma General Collection 12/08/2010 30000.00
06/26/2025   650 FER DOM0002226   06/26/2025 Books   Dewey Decimal Classification       CBE Dodoma CBE Dodoma General Collection 12/08/2010 30000.00
04/08/2025   650 FER 0000004650 90000.00 04/08/2025 Books   Dewey Decimal Classification       College of Business Education Main Library College of Business Education Main Library General Collection 12/08/2010 30000.00
04/08/2025   650 FER 0000004651 90000.00 04/08/2025 Books   Dewey Decimal Classification       College of Business Education Main Library College of Business Education Main Library General Collection 12/08/2010 30000.00
04/08/2025   650 FER 0000004652 90000.00 04/08/2025 Books   Dewey Decimal Classification       College of Business Education Main Library College of Business Education Main Library General Collection 12/08/2010 30000.00
04/08/2025   650 FER 0000004653 90000.00 04/08/2025 Books   Dewey Decimal Classification       College of Business Education Main Library College of Business Education Main Library General Collection 12/08/2010 30000.00
04/08/2025   650 FER 0000004654 90000.00 04/08/2025 Books   Dewey Decimal Classification       College of Business Education Main Library College of Business Education Main Library General Collection 12/08/2010 30000.00
04/08/2025   650 FER 0000004655 90000.00 04/08/2025 Books   Dewey Decimal Classification       College of Business Education Main Library College of Business Education Main Library General Collection 12/08/2010 30000.00
04/08/2025   650 FER 0000004656 90000.00 04/08/2025 Books   Dewey Decimal Classification       College of Business Education Main Library College of Business Education Main Library General Collection 12/08/2010 30000.00
04/08/2025   650 FER 0000004657 90000.00 04/08/2025 Books   Dewey Decimal Classification       College of Business Education Main Library College of Business Education Main Library General Collection 12/08/2010 30000.00
04/08/2025   650 FER 0000004658 90000.00 04/08/2025 Books   Dewey Decimal Classification       College of Business Education Main Library College of Business Education Main Library General Collection 12/08/2010 30000.00
04/08/2025   650 FER 0000004659 90000.00 04/08/2025 Books   Dewey Decimal Classification       College of Business Education Main Library College of Business Education Main Library General Collection 12/08/2010 30000.00
04/08/2025   650 FER 0000004660 90000.00 04/08/2025 Books   Dewey Decimal Classification       College of Business Education Main Library College of Business Education Main Library General Collection 12/08/2010 30000.00
04/08/2025   650 FER 0000004661 90000.00 04/08/2025 Books   Dewey Decimal Classification       College of Business Education Main Library College of Business Education Main Library General Collection 12/08/2010 30000.00
04/08/2025   650 FER 0000004662 90000.00 04/08/2025 Books   Dewey Decimal Classification       College of Business Education Main Library College of Business Education Main Library General Collection 12/08/2010 30000.00
04/08/2025   650 FER 0000004663 90000.00 04/08/2025 Books   Dewey Decimal Classification       College of Business Education Main Library College of Business Education Main Library General Collection 12/08/2010 30000.00
04/08/2025   650 FER 0000004664 90000.00 04/08/2025 Books   Dewey Decimal Classification       College of Business Education Main Library College of Business Education Main Library General Collection 12/08/2010 30000.00
04/08/2025   650 FER 0000004665 90000.00 04/08/2025 Books   Dewey Decimal Classification       College of Business Education Main Library College of Business Education Main Library General Collection 12/08/2010 30000.00
04/08/2025   650 FER 0000004666 90000.00 04/08/2025 Books   Dewey Decimal Classification       College of Business Education Main Library College of Business Education Main Library General Collection 12/08/2010 30000.00
04/08/2025   650 FER 0000004667 90000.00 04/08/2025 Books   Dewey Decimal Classification       College of Business Education Main Library College of Business Education Main Library General Collection 12/08/2010 30000.00
04/08/2025   650 FER 0000004668 90000.00 04/08/2025 Books   Dewey Decimal Classification       College of Business Education Main Library College of Business Education Main Library General Collection 12/08/2010 30000.00
04/08/2025   650 FER 0000004669 90000.00 04/08/2025 Books   Dewey Decimal Classification       College of Business Education Main Library College of Business Education Main Library General Collection 12/08/2010 30000.00
04/08/2025   650 FER 0000004670 90000.00 04/08/2025 Books   Dewey Decimal Classification       College of Business Education Main Library College of Business Education Main Library General Collection 12/08/2010 30000.00
04/08/2025   650 FER 0000004671 90000.00 04/08/2025 Books   Dewey Decimal Classification       College of Business Education Main Library College of Business Education Main Library General Collection 12/08/2010 30000.00
04/08/2025   650 FER 0000004672 90000.00 04/08/2025 Books   Dewey Decimal Classification       College of Business Education Main Library College of Business Education Main Library General Collection 12/08/2010 30000.00
04/08/2025   650 FER 0000004673 90000.00 04/08/2025 Books   Dewey Decimal Classification       College of Business Education Main Library College of Business Education Main Library General Collection 12/08/2010 30000.00
04/08/2025   650 FER 0000004674 90000.00 04/08/2025 Books   Dewey Decimal Classification       College of Business Education Main Library College of Business Education Main Library General Collection 12/08/2010 30000.00
05/28/2025   LECT 650 FER 00000010313 90000.00 05/28/2025 Books   Dewey Decimal Classification       College of Business Education Main Library College of Business Education Main Library General Collection 12/08/2010 30000.00
05/28/2025   LECT 650 FER 00000010314 90000.00 05/28/2025 Books   Dewey Decimal Classification       College of Business Education Main Library College of Business Education Main Library General Collection 12/08/2010 30000.00
05/28/2025   LECT 650 FER 00000010315 90000.00 05/28/2025 Books   Dewey Decimal Classification       College of Business Education Main Library College of Business Education Main Library General Collection 12/08/2010 30000.00